Dilemas contemporáneos de la identidad y lo juvenil. Territorialidad, modernidad y cultura /

Uloženo v:
Podrobná bibliografie
Hlavní autor: Soto Ramírez, Juan
Další autoři: Nateras Domínguez, Alfredo
Médium: Text
Témata:
Tagy: Přidat tag
Žádné tagy, Buďte první, kdo vytvoří štítek k tomuto záznamu!

MARC

LEADER 00000 a a2200000 04500
001 8962
003
040
100 |a Soto Ramírez, Juan  
245 |a Dilemas contemporáneos de la identidad y lo juvenil. Territorialidad, modernidad y cultura /  |c Juan Soto Ramírez 
650 |a JUVENTUD  
650 |a IDENTIDAD CULTURAL  
650 |a ASPECTOS PSICOLOGICOS  
700 |a Nateras Domínguez, Alfredo  
773 |g volumen 1, número 4; páginas 12-29  
999 |c 23097  |d 23097